| 000 | 00381nam a2200121Ia 4500 | ||
|---|---|---|---|
| 008 | 160609s9999 xx 000 0 und d | ||
| 100 | _aKobre, Kenneth. | ||
| 245 | _aKenneth Kobre, Videojournalism: Multimedia Storytelling | ||
| 245 | _cBy:Kenneth Kobre | ||
| 260 | _c2012 | ||
| 650 | _xINTRODUCTION TO MULTIMEDIA ARTS | ||
| 856 | _uhttp://file.ebook777.com/004/KenKobVidMulSto.pdf | ||
| 999 |
_c295778 _d295778 |
||